Controlling work stress : effective human resource and management strategies /
| Main Author: | |
|---|---|
| Other Authors: | |
| Format: | Book |
| Language: | English |
| Published: |
San Francisco, Calif. :
Jossey-Bass,
1987.
|
| Edition: | 1st ed. |
| Series: | Jossey-Bass health series.
Jossey-Bass social and behavioral science series. Jossey-Bass management series. |
| Subjects: |
MARC
| Tag | First Indicator | Second Indicator | Subfields |
|---|---|---|---|
| LEADER | 00000cam a2200000 a 4500 | ||
| 001 | in00000010971 | ||
| 005 | 20151007051947.0 | ||
| 008 | 870626s1987 cau b 00110 eng d | ||
| 010 | |a 87045503 | ||
| 020 | |a 1555420621 (alk. paper) | ||
| 035 | |a (OCoLC)16224279 | ||
| 035 | |9 AAA5638AM | ||
| 040 | |a DNLM/DLC |c DLC |d TXA |d UtOrBLW | ||
| 049 | |a TXAM |c [A12638379] | ||
| 050 | 0 | 0 | |a HF5548.85 |b .M378 1987 |
| 060 | 0 | |a WM 172 M435c | |
| 082 | 0 | |a 658.3/82 |2 19 | |
| 100 | 1 | |a Matteson, Michael T. | |
| 245 | 1 | 0 | |a Controlling work stress : |b effective human resource and management strategies / |c Michael T. Matteson, John M. Ivancevich. |
| 250 | |a 1st ed. | ||
| 264 | 1 | |a San Francisco, Calif. : |b Jossey-Bass, |c 1987. | |
| 300 | |a xx, 378 pages ; |c 24 cm. | ||
| 336 | |a text |b txt |2 rdacontent | ||
| 337 | |a unmediated |b n |2 rdamedia | ||
| 338 | |a volume |b nc |2 rdacarrier | ||
| 490 | 1 | |a Jossey-Bass health series | |
| 490 | 1 | |a Jossey-Bass social and behavioral science series | |
| 490 | 1 | |a A Joint publication in the Jossey-Bass management series | |
| 504 | |a Bibliography: pages 327-362. | ||
| 500 | |a Includes indexes. | ||
| 650 | 0 | |a Job stress. | |
| 700 | 1 | |a Ivancevich, John M. | |
| 830 | 0 | |a Jossey-Bass health series. | |
| 830 | 0 | |a Jossey-Bass social and behavioral science series. | |
| 830 | 0 | |a Jossey-Bass management series. | |
| 999 | |a MARS | ||
| 999 | f | f | |s f9781400-2bd3-33c2-aabb-506dd4fc73b5 |i cca9939c-cf2a-31b2-9513-b6b530a61584 |t 0 |
| 952 | f | f | |p ric |a Texas A&M University |b Rellis Campus |c Joint Library Facility |d Remote Storage |t 0 |e HF5548.85 .M378 1987 |h Library of Congress classification |i unmediated -- volume |m A14823678625 |
| 998 | f | f | |a HF5548.85 .M378 1987 |t 0 |l Remote Storage |